000 00601cam a2200181 a 4500
020 _a0070220700
082 0 0 _a721.0448
_bFAH
_cN/L-01, P-100
245 0 0 _aWood engineering and construction handbook /
_cKeith F. Faherty, editor, Thomas G. Williamson, editor.
250 _a3rd ed.
260 _aNew York :
_bMcGraw Hill,
_cc1997.
300 _a1 v (various pagings) :
_bill. ;
_c24 cm.
526 _a0
_b0
_c0
_d721_044800000000000_FAH
650 0 _aBuilding, Wooden.
_925296
650 0 _aMCE
_9379
700 1 _aFaherty, Keith F.
_945621
700 1 _aWilliamson, Thomas G.
_945622
942 _2ddc
_cBK
999 _c549102
_d549102